| 000 | 00600nam a22001937a 4500 | ||
|---|---|---|---|
| 003 | OSt | ||
| 005 | 20210129094129.0 | ||
| 008 | 210129b ||||| |||| 00| 0 eng d | ||
| 040 |
_aDO-SdBNP _bspa _cBNPHU |
||
| 082 |
_axxx _bC112m |
||
| 100 | 1 | 0 |
_aCaba, Lucila _977714 |
| 245 | 1 | 0 |
_aMi extraño señor Jesùs : _bpoesìa biblìca / _cLucila Caba ; Ediciòn del texto Milagros Padilla |
| 260 |
_a[s. l] : _b[s. n.], _c[2019] |
||
| 300 |
_a104 p. ; _c22 cm |
||
| 590 | _aInventariado, 2021 / DG | ||
| 700 |
_aPadilla, Milagros _eEdiciòn _977715 |
||
| 910 | _aInventariado, 2021 / DG | ||
| 942 |
_2ddc _cLBS1 |
||
| 999 |
_c49344 _d49344 |
||